000 00280nam a22001217a 4500
008 180223b xxu||||| |||| 00| 0 eng d
041 _aeng
080 _a37
100 _a48
101 _aedu
245 _asining how to speak with your hnads
_celaine.c
942 _2udc
_cBK
999 _c43286
_d43286